| 000 | 00813nam a2200217 i 4500 | ||
|---|---|---|---|
| 001 | 72849 | ||
| 003 | ES-MaACL | ||
| 005 | 20230906171558.0 | ||
| 007 | t| | ||
| 008 | 040903s1932 sp ||||1| spa d | ||
| 100 | 1 |
_aGohrbandt, Erwin. _957601 |
|
| 245 | 1 | 0 |
_aTratado de patología quirúrgica de la infancia _b: con capítulos especiales de Medicina, Higiene y Ortopedia infantiles / _cpor Erwin Gohrbandt, Paul Karger, Ernst Bergmann ; traducido del alemán por G. Vidal Jordana y E. Salazar. |
| 260 |
_aBarcelona : _b[s.n., _c1932] ( _fClarasó) |
||
| 300 |
_a738 p. ; _c25 cm. |
||
| 700 | 1 |
_aKarger, Paul. _967559 |
|
| 700 | 0 |
_aBergmann, E. von. _927996 |
|
| 700 | 0 |
_aVidal Jordana, Gregorio. _9114495 |
|
| 700 | 1 |
_aSalazar, E. _9101806 |
|
| 852 |
_aES-MaACL _jE-994 |
||
| 852 |
_aES-MaACL _jA-5073 _bR.27070 |
||
| 999 |
_c72849 _d72849 |
||